Fruticultura
Saved in:
| Main Author: | |
|---|---|
| Format: | Book |
| Language: | Spanish |
| Published: |
Madrid, España
Mundi-Prensa
2010
|
| Edition: | 2a. edición |
| Subjects: | |
| Online Access: | Disponible Online |
| Tags: |
Add Tag
No Tags, Be the first to tag this record!
|
MARC
| LEADER | 00000cam a2200000 a 4500 | ||
|---|---|---|---|
| 001 | UCG5943 | ||
| 003 | CL-VaPUC | ||
| 005 | 20211001074537.0 | ||
| 008 | 110324e20100000SP |||||||||||||||||spa|d | ||
| 999 | |c 344267 |d 344265 | ||
| 020 | |a 9788484763987 | ||
| 040 | |c Pontificia Universidad Católica de Valparaíso | ||
| 082 | 0 | 4 | |a 634 AGU 2010 |2 21 |
| 100 | 0 | |a Agustí Fonfría, Manuel |e author |9 555876 | |
| 245 | 1 | 0 | |a Fruticultura |
| 250 | |a 2a. edición | ||
| 260 | |a Madrid, España |b Mundi-Prensa |c 2010 | ||
| 300 | |a 507 páginas | ||
| 583 | |a last modification |c 20191001 05:29:45 |k Rodrigo Vera | ||
| 650 | 0 | |a Fruticultura |9 259678 | |
| 650 | |a Cultivo de frutales |9 860802 | ||
| 650 | |a Arboles frutales |x Nutrición |9 860803 | ||
| 856 | |u http://bibliografiadigital.pucv.cl.pucv.idm.oclc.org/index.php/bibliotecapucv/catalog/book/385 |y Disponible Online | ||
| 942 | |c BK |2 ddc | ||
| 945 | |d 20110324 00:00:00 |a jcampos | ||
| 952 | |0 0 |1 0 |4 0 |6 634_000000000000000_AGU_2010 |7 0 |8 R |9 442140 |a BIBAGR |b BIBAGR |d 2019-11-22 |i 4759575 |l 4 |o 634 AGU 2010 |p 4759575 |r 2025-01-20 |s 2024-08-23 |w 2019-11-22 |y BK_R |k AGR | ||
| 952 | |0 0 |1 1 |2 ddc |4 0 |6 634_000000000000000_AGU_2010 |7 0 |8 R |9 442141 |a BIBAGR |b BIBAGR |d 2019-11-22 |i 4759583 |o 634 AGU 2010 |p 4759583 |r 2019-11-22 |w 2019-11-22 |y BK_R |k AGR | ||
| 952 | |0 0 |1 0 |2 ddc |4 0 |6 634_000000000000000_AGU_2010 |7 0 |8 R |9 442142 |a BIBAGR |b BIBAGR |d 2019-11-22 |i 4759591 |l 8 |o 634 AGU 2010 |p 4759591 |r 2025-01-20 |s 2024-09-27 |w 2019-11-22 |y BK_R |k AGR | ||
| 952 | |0 0 |1 1 |2 ddc |4 0 |6 634_000000000000000_AGU_2010 |7 0 |8 R |9 442143 |a BIBAGR |b BIBAGR |d 2019-11-22 |i 4759605 |l 2 |o 634 AGU 2010 |p 4759605 |r 2022-03-31 |s 2020-05-11 |w 2019-11-22 |y BK_R |k AGR | ||
| 952 | |0 0 |1 0 |4 0 |6 634_000000000000000_AGU_2010 |7 0 |8 R |9 442144 |a BIBAGR |b BIBAGR |d 2019-11-22 |i 4759613 |l 10 |o 634 AGU 2010 |p 4759613 |r 2025-01-20 |s 2024-09-30 |w 2019-11-22 |y BK_R |k AGR | ||
| 952 | |0 0 |1 1 |2 ddc |4 0 |6 634_000000000000000_AGU_2010 |7 0 |8 R |9 442145 |a BIBAGR |b BIBAGR |d 2019-11-22 |i 4795253 |o 634 AGU 2010 |p 4795253 |r 2019-11-22 |w 2019-11-22 |y BK_R |k AGR | ||
| 952 | |0 0 |1 0 |4 0 |6 634_000000000000000_AGU_2010 |7 0 |8 R |9 442146 |a BIBAGR |b BIBAGR |d 2019-11-22 |i 4795261 |l 5 |o 634 AGU 2010 |p 4795261 |r 2025-01-20 |s 2024-09-30 |w 2019-11-22 |y BK_R |k AGR | ||
| 952 | |0 0 |1 0 |4 0 |6 634_000000000000000_AGU_2010 |7 0 |8 R |9 442147 |a BIBAGR |b BIBAGR |d 2019-11-22 |i 479527K |l 3 |o 634 AGU 2010 |p 479527K |r 2025-01-20 |s 2024-08-26 |w 2019-11-22 |y BK_R |k AGR | ||
| 952 | |0 0 |1 0 |4 0 |6 634_000000000000000_AGU_2010 |7 0 |8 R |9 442148 |a BIBAGR |b BIBAGR |d 2019-11-22 |i 4795288 |l 5 |o 634 AGU 2010 |p 4795288 |r 2025-01-20 |s 2024-08-29 |w 2019-11-22 |y BK_R |k AGR | ||
| 952 | |0 0 |1 0 |4 0 |6 634_000000000000000_AGU_2010 |7 0 |8 R |9 442149 |a BIBAGR |b BIBAGR |d 2019-11-22 |i 4795296 |l 17 |o 634 AGU 2010 |p 4795296 |r 2025-01-20 |s 2024-08-23 |w 2019-11-22 |y BK_R |k AGR | ||
| 952 | |0 0 |1 0 |3 erd |4 0 |6 634_000000000000000_AGU_2010 |7 0 |8 R |9 442150 |a BIBAGR |b BIBAGR |d 2019-10-01 |e 14 |g 50990.00 |i 5562376 |l 27 |m 1 |o 634 AGU 2010 |p 5562376 |r 2025-01-20 |s 2024-11-15 |v 50990.00 |w 2019-11-22 |y BK_R |z Catalogado en:20191004 |k AGR | ||
| 952 | |0 0 |1 0 |3 erd |4 0 |6 634_000000000000000_AGU_2010 |7 0 |8 R |9 442151 |a BIBAGR |b BIBAGR |d 2019-10-01 |e 14 |g 50990.00 |i 5562368 |l 26 |o 634 AGU 2010 |p 5562368 |r 2025-04-25 |s 2025-04-23 |v 50990.00 |w 2019-11-22 |y BK_R |z Catalogado en:20191004 |k AGR | ||
| 952 | |0 0 |1 0 |3 erd |4 0 |6 634_000000000000000_AGU_2010 |7 0 |8 R |9 442152 |a BIBAGR |b BIBAGR |d 2019-10-01 |e 14 |g 50990.00 |i 556235K |l 16 |o 634 AGU 2010 |p 556235K |r 2025-01-20 |s 2024-09-26 |v 50990.00 |w 2019-11-22 |y BK_R |z Catalogado en:20191004 |k AGR | ||
| 952 | |0 0 |1 0 |3 erd |4 0 |6 634_000000000000000_AGU_2010 |7 0 |8 R |9 442153 |a BIBAGR |b BIBAGR |d 2019-10-01 |e 14 |g 50990.00 |i 5562341 |l 13 |o 634 AGU 2010 |p 5562341 |r 2025-01-20 |s 2024-09-27 |v 50990.00 |w 2019-11-22 |y BK_R |z Catalogado en:20191004 |k AGR | ||
| 952 | |0 0 |1 1 |2 ddc |3 erd |4 0 |6 634_000000000000000_AGU_2010 |7 0 |8 R |9 442154 |a BIBAGR |b BIBAGR |d 2019-10-01 |e 14 |g 50990.00 |i 5562333 |o 634 AGU 2010 |p 5562333 |r 2019-11-22 |v 50990.00 |w 2019-11-22 |y BK_R |z Catalogado en:20191004 |k AGR | ||
| 952 | |0 0 |1 0 |3 erd |4 0 |6 634_000000000000000_AGU_2010 |7 0 |8 R |9 442155 |a BIBAGR |b BIBAGR |d 2019-10-01 |e 14 |g 50990.00 |i 5562325 |l 33 |o 634 AGU 2010 |p 5562325 |r 2025-01-20 |s 2024-10-11 |v 50990.00 |w 2019-11-22 |y BK_R |z Catalogado en:20191004 |k AGR | ||